[Event "Team men PL"]
[Site "Sochi"]
[Date "2020.11.22"]
[Round "4.30"]
[White "Savitskiy, Sergey"]
[Black "Frolov, Aleksey G."]
[Result "1/2-1/2"]
[BlackElo "2025"]
[WhiteElo "2451"]
[LiveChessVersion "1.4.8"]

1.e4 {[%clk 1:30:55]} e5 {[%clk 1:30:56]} 2.Nf3 {[%clk 1:31:18]}
Nc6 {[%clk 1:31:21]} 3.Bb5 {[%clk 1:31:37]} a6 {[%clk 1:31:34]}
4.Ba4 {[%clk 1:32:00]} d6 {[%clk 1:30:06]} 5.c3 {[%clk 1:30:29]}
g6 {[%clk 1:28:18]} 6.d4 {[%clk 1:28:55]} Bd7 {[%clk 1:22:58]}
7.O-O {[%clk 1:28:34]} Bg7 {[%clk 1:22:44]} 8.Be3 {[%clk 1:24:54]}
Nf6 {[%clk 1:15:42]} 9.Nbd2 {[%clk 1:24:37]} O-O {[%clk 1:13:26]}
10.Re1 {[%clk 1:17:41]} b5 {[%clk 1:01:39]} 11.Bc2 {[%clk 1:15:45]}
Qe8 {[%clk 1:01:26]} 12.dxe5 {[%clk 1:12:03]} Nxe5 {[%clk 1:00:07]}
13.h3 {[%clk 1:05:03]} Qc8 {[%clk 0:53:39]} 14.Nxe5 {[%clk 0:56:03]}
dxe5 {[%clk 0:53:59]} 15.Qf3 {[%clk 0:56:09]} c5 {[%clk 0:48:36]}
16.Bg5 {[%clk 0:54:03]} Qc6 {[%clk 0:45:53]} 17.Nf1 {[%clk 0:52:18]}
h6 {[%clk 0:42:14]} 18.Bh4 {[%clk 0:51:40]} Nh5 {[%clk 0:36:48]}
19.Ne3 {[%clk 0:51:27]} Nf4 {[%clk 0:35:02]} 20.Bg3 {[%clk 0:50:53]}
Qf6 {[%clk 0:30:31]} 21.Bxf4 {[%clk 0:39:13]} Qxf4 {[%clk 0:30:53]}
22.Qxf4 {[%clk 0:39:35]} exf4 {[%clk 0:31:16]} 23.Nd5 {[%clk 0:40:01]}
f3 {[%clk 0:27:12]} 24.Red1 {[%clk 0:35:47]} Rad8 {[%clk 0:25:25]}
25.gxf3 {[%clk 0:24:49]} Bxh3 {[%clk 0:25:17]} 26.a4 {[%clk 0:25:11]}
b4 {[%clk 0:20:07]} 27.cxb4 {[%clk 0:19:49]} Bxb2 {[%clk 0:19:49]}
28.Rab1 {[%clk 0:19:52]} Bd4 {[%clk 0:19:12]} 29.b5 {[%clk 0:13:26]}
axb5 {[%clk 0:18:32]} 30.axb5 {[%clk 0:13:51]} Rd6 {[%clk 0:15:49]}
31.Bb3 {[%clk 0:09:54]} Rb8 {[%clk 0:13:50]} 32.Bc4 {[%clk 0:10:12]}
Kf8 {[%clk 0:14:02]} 33.Rd3 {[%clk 0:09:33]} Be6 {[%clk 0:12:54]}
34.Ra3 {[%clk 0:09:29]} h5 {[%clk 0:12:09]} 35.Ra7 {[%clk 0:08:37]}
h4 {[%clk 0:09:47]} 36.b6 {[%clk 0:04:26]} Bxd5 {[%clk 0:09:47]}
37.Bxd5 {[%clk 0:04:50]} Rbxb6 {[%clk 0:09:52]} 38.Rxb6 {[%clk 0:05:04]}
Rxb6 {[%clk 0:10:17]} 39.Rxf7+ {[%clk 0:05:27]} Ke8 {[%clk 0:10:43]}
40.Kg2 {[%clk 0:33:17]} Rb2 {[%clk 0:38:59]} 41.Kh3 {[%clk 0:31:22]}
g5 {[%clk 0:35:41]} 42.Kg4 {[%clk 0:14:07]} Rxf2 {[%clk 0:35:35]}
43.Rh7 {[%clk 0:13:02]} Kd8 {[%clk 0:28:53]} 44.Kxg5 {[%clk 0:06:17]}
Rxf3 {[%clk 0:29:15]} 45.Kxh4 {[%clk 0:06:29]} Rf1 {[%clk 0:28:12]}
46.Kg4 {[%clk 0:04:49]} Be5 {[%clk 0:24:37]} 47.Rh5 {[%clk 0:04:38]}
Bg7 {[%clk 0:22:45]} 48.Bc4 {[%clk 0:04:10]} Rg1+ {[%clk 0:22:28]}
49.Kf4 {[%clk 0:03:57]} Bd4 {[%clk 0:22:35]} 50.e5 {[%clk 0:04:12]}
Rg7 {[%clk 0:20:22]} 51.Ke4 {[%clk 0:03:37]} Kc7 {[%clk 0:14:47]}
52.e6 {[%clk 0:03:19]} Kc6 {[%clk 0:12:46]} 53.Rh3 {[%clk 0:02:00]}
Rg5 {[%clk 0:12:29]} 54.Ra3 {[%clk 0:01:53]} Re5+ {[%clk 0:12:26]}
55.Kf4 {[%clk 0:02:19]} Re1 {[%clk 0:12:18]} 56.Ra7 {[%clk 0:02:29]}
Be5+ {[%clk 0:11:25]} 57.Kf5 {[%clk 0:02:43]} Bc7 {[%clk 0:06:32]}
58.Kf6 {[%clk 0:01:34]} Re4 {[%clk 0:05:28]} 59.e7 {[%clk 0:01:13]}
Bd6 {[%clk 0:04:58]} 60.Ra6+ {[%clk 0:00:37]} Kc7 {[%clk 0:04:56]}
61.Ra7+ {[%clk 0:00:37]} Kc6 {[%clk 0:05:21]} 62.Be6 {[%clk 0:00:39]}
Bxe7+ {[%clk 0:05:40]} 63.Rxe7 {[%clk 0:00:45]} Kb6 {[%clk 0:05:59]}
64.Kf5 {[%clk 0:00:58]} Re1 {[%clk 0:06:16]} 65.Re8 {[%clk 0:01:14]}
Ka5 {[%clk 0:05:13]} 66.Rb8 {[%clk 0:01:29]} Ka4 {[%clk 0:05:13]}
67.Bd5 {[%clk 0:01:10]} Re2 {[%clk 0:04:13]} 68.Kf4 {[%clk 0:01:26]}
Re1 {[%clk 0:04:25]} 69.Kf3 {[%clk 0:01:13]} Re5 {[%clk 0:03:30]}
70.Be4 {[%clk 0:01:02]} Ka5 {[%clk 0:03:12]} 71.Ke3 {[%clk 0:01:22]}
Re6 {[%clk 0:03:34]} 72.Kd3 {[%clk 0:01:24]} Rb6 {[%clk 0:03:57]}
73.Rc8 {[%clk 0:01:40]} Kb4 {[%clk 0:04:10]} 74.Kc2 {[%clk 0:01:39]}
Rd6 {[%clk 0:03:22]} 75.Bd3 {[%clk 0:01:34]} Rb6 {[%clk 0:03:33]}
76.Re8 {[%clk 0:01:45]} c4 {[%clk 0:02:26]} 77.Re4 {[%clk 0:01:23]}
Rc6 {[%clk 0:02:55]} 78.Be2 {[%clk 0:01:46]} Rc8 {[%clk 0:03:11]}
79.Rh4 {[%clk 0:01:24]} Rc7 {[%clk 0:03:10]} 80.Rh8 {[%clk 0:01:41]}
Rc5 {[%clk 0:03:20]} 81.Re8 {[%clk 0:01:02]} Ra5 {[%clk 0:03:05]}
82.Re4 {[%clk 0:01:12]} Rc5 {[%clk 0:03:31]} 83.Rg4 {[%clk 0:00:45]}
Rc7 {[%clk 0:03:56]} 84.Rg1 {[%clk 0:00:50]} Re7 {[%clk 0:03:26]}
85.Rb1+ {[%clk 0:01:12]} Kc5 {[%clk 0:03:51]} 86.Kd2 {[%clk 0:00:57]}
Kd4 {[%clk 0:03:25]} 87.Rb4 {[%clk 0:01:18]} Rc7 {[%clk 0:03:47]}
88.Kc2 {[%clk 0:01:39]} Rc6 {[%clk 0:03:38]} 89.Rb8 {[%clk 0:01:41]}
Rc5 {[%clk 0:03:47]} 90.Bf1 {[%clk 0:00:54]} Rf5 {[%clk 0:04:09]}
91.Rd8+ {[%clk 0:01:20]} Rd5 {[%clk 0:04:35]} 92.Rf8 {[%clk 0:01:07]}
Re5 {[%clk 0:03:58]} 93.Rf7 {[%clk 0:01:10]} Rc5 {[%clk 0:02:17]}
94.Rf4+ {[%clk 0:01:34]} Ke3 {[%clk 0:02:00]} 95.Rh4 {[%clk 0:01:57]}
Rf5 {[%clk 0:01:47]} 96.Bxc4 {[%clk 0:01:58]} Rf4 {[%clk 0:02:14]}
97.Rh3+ {[%clk 0:02:22]} Rf3 {[%clk 0:02:23]} 98.Rh8 {[%clk 0:02:30]}
Kd4 {[%clk 0:02:41]} 99.Be2 {[%clk 0:02:39]} Ra3 {[%clk 0:02:25]}
100.Rh4+ {[%clk 0:03:05]} Ke5 {[%clk 0:02:43]} 101.Bd3 {[%clk 0:03:28]}
Ra2+ {[%clk 0:02:48]} 102.Kc3 {[%clk 0:03:53]} Rf2 {[%clk 0:02:38]}
103.Rh5+ {[%clk 0:04:07]} Kf6 {[%clk 0:02:49]} 104.Kd4 {[%clk 0:04:29]}
Rf4+ {[%clk 0:03:00]} 105.Be4 {[%clk 0:04:55]} Rg4 {[%clk 0:03:08]}
106.Rh6+ {[%clk 0:04:46]} Kg5 {[%clk 0:03:12]} 107.Rg6+ {[%clk 0:05:08]}
Kh5 {[%clk 0:02:15]} 108.Rd6 {[%clk 0:04:57]} Rg7 {[%clk 0:02:02]}
109.Ke5 {[%clk 0:04:56]} Kg5 {[%clk 0:02:28]} 110.Re6 {[%clk 0:05:09]}
Rg8 {[%clk 0:02:44]} 111.Re7 {[%clk 0:05:19]} Kg4 {[%clk 0:03:08]}
112.Bd5 {[%clk 0:05:23]} Rg5+ {[%clk 0:03:17]} 113.Ke4 {[%clk 0:05:48]}
Kg3 {[%clk 0:03:43]} 114.Rf7 {[%clk 0:06:03]} Rg4+ {[%clk 0:03:59]}
115.Ke3 {[%clk 0:06:17]} Ra4 {[%clk 0:04:09]} 116.Be4 {[%clk 0:05:19]}
Ra3+ {[%clk 0:04:37]} 117.Bd3 {[%clk 0:05:44]} Ra4 {[%clk 0:05:03]}
118.Rf1 {[%clk 0:05:00]} Kh4 {[%clk 0:04:53]} 119.Be4 {[%clk 0:04:39]}
Kg5 {[%clk 0:04:57]} 120.Rf5+ {[%clk 0:05:03]} Kg4 {[%clk 0:04:56]}
121.Rf6 {[%clk 0:05:12]} Ra3+ {[%clk 0:05:14]} 122.Bd3 {[%clk 0:05:37]}
Ra5 {[%clk 0:05:31]} 123.Rf1 {[%clk 0:04:57]} Kg5 {[%clk 0:05:50]}
124.Rg1+ {[%clk 0:04:47]} Kf6 {[%clk 0:06:15]} 125.Rg6+ {[%clk 0:05:13]}
Kf7 {[%clk 0:06:29]} 126.Rc6 {[%clk 0:05:12]} Ke7 {[%clk 0:06:35]}
127.Kd4 {[%clk 0:05:23]} Rh5 {[%clk 0:06:46]} 128.Bg6 {[%clk 0:05:28]}
Rg5 {[%clk 0:07:09]} 129.Ra6 {[%clk 0:05:33]} Rb5 {[%clk 0:07:11]}
130.Be4 {[%clk 0:05:50]} Rh5 {[%clk 0:07:34]} 131.Bf3 {[%clk 0:05:34]}
Rg5 {[%clk 0:07:51]} 132.Bd5 {[%clk 0:05:28]} Rh5 {[%clk 0:08:05]}
133.Re6+ {[%clk 0:05:52]} Kf8 {[%clk 0:07:27]} 134.Bb3 {[%clk 0:04:47]}
Rg5 {[%clk 0:07:34]} 135.Ke4 {[%clk 0:04:58]} Rh5 {[%clk 0:07:49]}
136.Kf4 {[%clk 0:05:01]} Rb5 {[%clk 0:08:04]} 137.Bc2 {[%clk 0:05:20]}
Kf7 {[%clk 0:07:56]} 138.Bf5 {[%clk 0:05:41]} Rb2 {[%clk 0:07:24]}
139.Rh6 {[%clk 0:04:54]} Ke7 {[%clk 0:07:40]} 140.Be4 {[%clk 0:04:29]}
Rb5 {[%clk 0:08:02]} 141.Bc6 {[%clk 0:04:44]} Rc5 {[%clk 0:08:02]}
142.Ke4 {[%clk 0:05:09]} Rg5 {[%clk 0:08:06]} 143.Bd5 {[%clk 0:05:23]}
Kd7 {[%clk 0:07:57]} 144.Kd4 {[%clk 0:05:31]} Ke7 {[%clk 0:08:21]}
145.Re6+ {[%clk 0:05:56]} Kf8 {[%clk 0:08:32]} 1/2-1/2

[Event "Team men PL"]
[Site "Sochi"]
[Date "2020.11.23"]
[Round "5.1"]
[White "Goryachkina, Aleksandra"]
[Black "Vitiugov, Nikita"]
[Result "1/2-1/2"]
[BlackElo "2722"]
[WhiteElo "2592"]
[LiveChessVersion "1.4.8"]

1.d4 {[%clk 1:30:54]} Nf6 {[%clk 1:30:45]} 2.c4 {[%clk 1:31:10]}
g6 {[%clk 1:30:39]} 3.Nc3 {[%clk 1:31:08]} Bg7 {[%clk 1:31:02]}
4.e4 {[%clk 1:31:15]} d6 {[%clk 1:31:26]} 5.Nf3 {[%clk 1:31:30]}
O-O {[%clk 1:31:44]} 6.Be2 {[%clk 1:31:47]} e5 {[%clk 1:32:05]}
7.Be3 {[%clk 1:31:43]} exd4 {[%clk 1:25:43]} 8.Nxd4 {[%clk 1:31:09]}
Re8 {[%clk 1:26:08]} 9.f3 {[%clk 1:28:06]} c6 {[%clk 1:26:28]}
10.O-O {[%clk 1:25:16]} d5 {[%clk 1:25:54]} 11.cxd5 {[%clk 1:24:07]}
cxd5 {[%clk 1:11:33]} 12.Qb3 {[%clk 1:19:24]} Nc6 {[%clk 0:56:05]}
13.Rad1 {[%clk 1:15:38]} Na5 {[%clk 0:54:46]} 14.Qa3 {[%clk 0:59:06]}
Bd7 {[%clk 0:39:51]} 15.Ndb5 {[%clk 0:52:25]} dxe4 {[%clk 0:29:07]}
16.Nxe4 {[%clk 0:44:33]} Nxe4 {[%clk 0:25:50]} 17.fxe4 {[%clk 0:44:31]}
Rxe4 {[%clk 0:25:26]} 18.Rxf7 {[%clk 0:33:19]} Bf8 {[%clk 0:25:17]}
19.Qd3 {[%clk 0:19:23]} Bc6 {[%clk 0:16:37]} 20.Qxd8 {[%clk 0:14:12]}
Rxd8 {[%clk 0:17:00]} 21.Rxd8 {[%clk 0:14:25]} Kxf7 {[%clk 0:17:24]}
22.Kf2 {[%clk 0:14:33]} Nc4 {[%clk 0:13:53]} 23.Bxc4+ {[%clk 0:13:53]}
Rxc4 {[%clk 0:14:18]} 24.Nd6+ {[%clk 0:14:10]} Bxd6 {[%clk 0:14:31]}
25.Rxd6 {[%clk 0:14:38]} Rc2+ {[%clk 0:14:27]} 26.Rd2 {[%clk 0:15:06]}
Rxd2+ {[%clk 0:14:51]} 27.Bxd2 {[%clk 0:15:32]} a6 {[%clk 0:15:19]}
28.a3 {[%clk 0:15:55]} Bd5 {[%clk 0:15:45]} 29.Bc3 {[%clk 0:16:21]}
Bc6 {[%clk 0:16:12]} 30.Bd2 {[%clk 0:16:47]} Bd5 {[%clk 0:16:40]}
31.Bc3 {[%clk 0:17:12]} Bc6 {[%clk 0:17:08]} 32.Bd2 {[%clk 0:17:35]}
Bd5 {[%clk 0:17:37]} 33.Bc3 {[%clk 0:17:59]} 1/2-1/2

[Event "Team men PL"]
[Site "Sochi"]
[Date "2020.11.23"]
[Round "5.2"]
[White "Matlakov, Maxim"]
[Black "Kobalia, Mikhail"]
[Result "1/2-1/2"]
[BlackElo "2590"]
[WhiteElo "2685"]
[LiveChessVersion "1.4.8"]

1.d4 {[%clk 1:30:52]} d5 {[%clk 1:30:54]} 2.c4 {[%clk 1:31:02]}
c6 {[%clk 1:31:07]} 3.Nf3 {[%clk 1:31:15]} Nf6 {[%clk 1:31:31]}
4.g3 {[%clk 1:30:36]} Bg4 {[%clk 1:27:20]} 5.Ne5 {[%clk 1:30:03]}
Bf5 {[%clk 1:27:45]} 6.Qb3 {[%clk 1:30:05]} Qb6 {[%clk 1:26:09]}
7.cxd5 {[%clk 1:29:59]} cxd5 {[%clk 1:25:59]} 8.Nc3 {[%clk 1:27:42]}
Nc6 {[%clk 1:24:34]} 9.Qxb6 {[%clk 1:25:24]} axb6 {[%clk 1:24:59]}
10.e3 {[%clk 1:25:45]} Bd7 {[%clk 1:23:18]} 11.Nb5 {[%clk 1:24:39]}
Rc8 {[%clk 1:22:56]} 12.f3 {[%clk 1:24:48]} h5 {[%clk 1:09:29]}
13.Bd2 {[%clk 1:18:59]} g6 {[%clk 1:09:35]} 14.Be2 {[%clk 0:53:18]}
Bg7 {[%clk 1:04:41]} 15.Kf2 {[%clk 0:51:20]} Ng8 {[%clk 0:59:33]}
16.Bc3 {[%clk 0:46:45]} Bh3 {[%clk 0:54:05]} 17.Rac1 {[%clk 0:38:33]}
Nh6 {[%clk 0:53:13]} 18.Nd3 {[%clk 0:35:24]} g5 {[%clk 0:42:15]}
19.Nb4 {[%clk 0:25:17]} Be6 {[%clk 0:41:56]} 20.Bd2 {[%clk 0:20:39]}
g4 {[%clk 0:25:32]} 21.f4 {[%clk 0:18:39]} Nf5 {[%clk 0:24:12]}
22.a3 {[%clk 0:13:05]} h4 {[%clk 0:19:58]} 23.Bxg4 {[%clk 0:09:31]}
Nfxd4 {[%clk 0:18:39]} 24.Bxe6 {[%clk 0:08:56]} Nxe6 {[%clk 0:18:33]}
25.Nxd5 {[%clk 0:08:43]} Rd8 {[%clk 0:12:50]} 26.Ndc7+ {[%clk 0:05:01]}
Nxc7 {[%clk 0:13:19]} 27.Nxc7+ {[%clk 0:05:26]} Kf8 {[%clk 0:13:46]}
28.Bc3 {[%clk 0:05:36]} Bxc3 {[%clk 0:12:54]} 29.bxc3 {[%clk 0:06:04]}
Rh5 {[%clk 0:10:27]} 30.Rhd1 {[%clk 0:04:53]} hxg3+ {[%clk 0:08:51]}
31.hxg3 {[%clk 0:05:19]} Rxd1 {[%clk 0:06:59]} 32.Rxd1 {[%clk 0:05:44]}
Ra5 {[%clk 0:07:21]} 33.Rd7 {[%clk 0:04:13]} Rxa3 {[%clk 0:07:44]}
34.Nd5 {[%clk 0:04:09]} e6 {[%clk 0:04:47]} 35.Nf6 {[%clk 0:02:36]}
Rxc3 {[%clk 0:04:41]} 36.Rxb7 {[%clk 0:03:00]} Na5 {[%clk 0:03:59]}
37.Rb8+ {[%clk 0:01:39]} Ke7 {[%clk 0:03:04]} 38.Ne4 {[%clk 0:01:16]}
Rc2+ {[%clk 0:02:38]} 39.Kf3 {[%clk 0:01:18]} f5 {[%clk 0:02:24]}
40.Ng5 {[%clk 0:31:02]} Nc4 {[%clk 0:32:04]} 41.e4 {[%clk 0:31:12]} 1/2-1/2

[Event "Team men PL"]
[Site "Sochi"]
[Date "2020.11.23"]
[Round "5.3"]
[White "Demidov, Mikhail"]
[Black "Fedoseev, Vladimir"]
[Result "0-1"]
[BlackElo "2676"]
[WhiteElo "2526"]
[LiveChessVersion "1.4.8"]

1.Nf3 {[%clk 1:30:53]} d5 {[%clk 1:29:19]} 2.c4 {[%clk 1:31:14]}
d4 {[%clk 1:26:50]} 3.e4 {[%clk 1:30:55]} Nc6 {[%clk 1:22:10]}
4.d3 {[%clk 1:31:13]} e5 {[%clk 1:22:25]} 5.Be2 {[%clk 1:31:39]}
Bd6 {[%clk 1:20:26]} 6.O-O {[%clk 1:30:23]} Nge7 {[%clk 1:20:49]}
7.Ne1 {[%clk 1:23:54]} O-O {[%clk 1:20:45]} 8.Nd2 {[%clk 1:23:28]}
a5 {[%clk 1:16:48]} 9.b3 {[%clk 1:18:56]} a4 {[%clk 1:15:14]}
10.bxa4 {[%clk 1:10:37]} Bd7 {[%clk 1:13:48]} 11.Nb3 {[%clk 1:09:48]}
Na5 {[%clk 1:04:57]} 12.c5 {[%clk 0:55:31]} Nxb3 {[%clk 1:05:20]}
13.axb3 {[%clk 0:55:57]} Bxc5 {[%clk 1:05:41]} 14.Bg4 {[%clk 0:56:19]}
Bd6 {[%clk 0:58:45]} 15.Bg5 {[%clk 0:49:19]} b5 {[%clk 0:54:50]}
16.Bxd7 {[%clk 0:36:59]} Qxd7 {[%clk 0:55:11]} 17.Bxe7 {[%clk 0:37:18]}
Qxe7 {[%clk 0:53:55]} 18.Nf3 {[%clk 0:36:46]} Bb4 {[%clk 0:52:00]}
19.axb5 {[%clk 0:32:24]} Rab8 {[%clk 0:48:25]} 20.Qc2 {[%clk 0:28:16]}
Bc3 {[%clk 0:44:43]} 21.Ra4 {[%clk 0:26:57]} Rxb5 {[%clk 0:44:00]}
22.Qa2 {[%clk 0:27:15]} g6 {[%clk 0:39:21]} 23.Rb1 {[%clk 0:27:06]}
Kg7 {[%clk 0:39:33]} 24.h3 {[%clk 0:23:44]} Rfb8 {[%clk 0:37:31]}
25.Ra7 {[%clk 0:22:17]} f6 {[%clk 0:34:29]} 26.Kh2 {[%clk 0:17:15]}
Qc5 {[%clk 0:29:54]} 27.Qa4 {[%clk 0:14:05]} Kh6 {[%clk 0:25:45]}
28.h4 {[%clk 0:12:52]} Bb4 {[%clk 0:21:13]} 29.Qa2 {[%clk 0:08:45]}
Kg7 {[%clk 0:19:41]} 30.Ra8 {[%clk 0:03:00]} Rxa8 {[%clk 0:15:41]}
31.Qxa8 {[%clk 0:03:29]} Ra5 {[%clk 0:16:00]} 32.Qc8 {[%clk 0:02:29]}
Ra2 {[%clk 0:06:12]} 33.h5 {[%clk 0:00:54]} Rxf2 {[%clk 0:03:16]}
34.Kg3 {[%clk 0:00:45]} Qc2 {[%clk 0:02:12]} 35.Qd7+ {[%clk 0:00:39]}
Kh6 {[%clk 0:02:11]} 36.Rg1 {[%clk 0:00:40]} Bd2 {[%clk 0:02:35]}
37.Kxf2 {[%clk 0:00:33]} Bf4+ {[%clk 0:02:58]} 38.Kf1 {[%clk 0:00:49]}
Bg3 39.Rh1 0-1

[Event "Team men PL"]
[Site "Sochi"]
[Date "2020.11.23"]
[Round "5.4"]
[White "Sakaev, Konstantin"]
[Black "Murzin, Volodar"]
[Result "1-0"]
[BlackElo "2470"]
[WhiteElo "2612"]
[LiveChessVersion "1.4.8"]

1.d4 {[%clk 1:30:56]} Nf6 {[%clk 1:30:52]} 2.c4 {[%clk 1:31:18]}
g6 {[%clk 1:31:18]} 3.Nc3 {[%clk 1:31:41]} Bg7 {[%clk 1:31:45]}
4.e4 {[%clk 1:31:57]} O-O {[%clk 1:32:10]} 5.Nf3 {[%clk 1:31:58]}
d6 {[%clk 1:32:23]} 6.Be2 {[%clk 1:32:22]} e5 {[%clk 1:32:39]}
7.O-O {[%clk 1:32:41]} Nc6 {[%clk 1:28:32]} 8.d5 {[%clk 1:32:29]}
Ne7 {[%clk 1:28:42]} 9.b4 {[%clk 1:32:49]} Nh5 {[%clk 1:25:46]}
10.c5 {[%clk 1:32:42]} f5 {[%clk 1:16:02]} 11.a4 {[%clk 1:30:13]}
Nf4 {[%clk 1:11:24]} 12.Bc4 {[%clk 1:27:02]} Kh8 {[%clk 1:05:10]}
13.Bxf4 {[%clk 1:21:41]} exf4 {[%clk 1:05:27]} 14.Rc1 {[%clk 1:22:07]}
h6 {[%clk 0:50:23]} 15.Re1 {[%clk 1:17:33]} fxe4 {[%clk 0:47:10]}
16.Nxe4 {[%clk 1:13:10]} Bg4 {[%clk 0:45:11]} 17.h3 {[%clk 1:07:58]}
Bh5 {[%clk 0:45:05]} 18.Qd3 {[%clk 0:58:25]} Nf5 {[%clk 0:43:28]}
19.Ned2 {[%clk 0:57:14]} Re8 {[%clk 0:27:47]} 20.Re4 {[%clk 0:47:40]}
Rxe4 {[%clk 0:22:54]} 21.Qxe4 {[%clk 0:47:51]} a5 {[%clk 0:22:43]}
22.bxa5 {[%clk 0:32:11]} dxc5 {[%clk 0:18:45]} 23.Qxf4 {[%clk 0:31:35]}
Nd6 {[%clk 0:15:53]} 24.Qe3 {[%clk 0:24:28]} Bxf3 {[%clk 0:11:35]}
25.Nxf3 {[%clk 0:24:23]} Rxa5 {[%clk 0:09:24]} 26.Bd3 {[%clk 0:21:31]}
b6 {[%clk 0:07:04]} 27.Ne5 {[%clk 0:16:51]} Qf6 {[%clk 0:02:49]}
28.Nxg6+ {[%clk 0:16:04]} Kg8 {[%clk 0:03:16]} 29.Bc2 {[%clk 0:14:30]}
Ra8 {[%clk 0:01:59]} 30.Nf4 {[%clk 0:10:15]} Qe5 {[%clk 0:01:33]}
31.Qxe5 {[%clk 0:06:59]} Bxe5 {[%clk 0:02:02]} 32.Ne6 {[%clk 0:07:20]}
Ne8 {[%clk 0:01:54]} 33.Re1 {[%clk 0:06:50]} Bd6 {[%clk 0:02:14]}
34.Bb3 {[%clk 0:05:56]} Nf6 {[%clk 0:02:39]} 35.Nxc7 {[%clk 0:05:18]} 1-0

[Event "Team men PL"]
[Site "Sochi"]
[Date "2020.11.23"]
[Round "5.5"]
[White "Belyakov, Bogdan"]
[Black "Khairullin, Ildar"]
[Result "0-1"]
[BlackElo "2618"]
[WhiteElo "2450"]
[LiveChessVersion "1.4.8"]

1.e4 {[%clk 1:30:58]} c5 {[%clk 1:30:46]} 2.c3 {[%clk 1:31:16]}
d5 {[%clk 1:31:02]} 3.exd5 {[%clk 1:31:40]} Qxd5 {[%clk 1:31:28]}
4.d4 {[%clk 1:31:58]} Nf6 {[%clk 1:31:29]} 5.Nf3 {[%clk 1:31:47]}
Nc6 {[%clk 1:30:53]} 6.Nbd2 {[%clk 1:12:03]} cxd4 {[%clk 1:23:38]}
7.Bc4 {[%clk 1:12:24]} Qd8 {[%clk 1:04:07]} 8.cxd4 {[%clk 1:07:05]}
e6 {[%clk 1:04:23]} 9.Nb1 {[%clk 1:04:54]} Be7 {[%clk 1:01:16]}
10.O-O {[%clk 1:00:45]} O-O {[%clk 1:01:40]} 11.Nc3 {[%clk 1:01:08]}
a6 {[%clk 0:53:11]} 12.Bb3 {[%clk 0:53:04]} Na5 {[%clk 0:48:22]}
13.Bc2 {[%clk 0:53:26]} b5 {[%clk 0:48:49]} 14.Qd3 {[%clk 0:47:49]}
Bb7 {[%clk 0:48:17]} 15.Ng5 {[%clk 0:39:44]} g6 {[%clk 0:47:35]}
16.a3 {[%clk 0:39:52]} Qb6 {[%clk 0:26:11]} 17.Rd1 {[%clk 0:37:52]}
Rad8 {[%clk 0:24:03]} 18.Qh3 {[%clk 0:38:00]} Rxd4 {[%clk 0:15:51]}
19.Be3 {[%clk 0:37:33]} Rxd1+ {[%clk 0:16:16]} 20.Rxd1 {[%clk 0:37:11]}
Qc7 {[%clk 0:08:49]} 21.Rd4 {[%clk 0:32:44]} Nc4 {[%clk 0:08:25]}
22.Rh4 {[%clk 0:27:12]} Nxe3 {[%clk 0:05:40]} 23.fxe3 {[%clk 0:16:18]}
h5 {[%clk 0:04:03]} 24.Nxe6 {[%clk 0:16:14]} fxe6 {[%clk 0:04:26]}
25.Bxg6 {[%clk 0:16:41]} Qe5 {[%clk 0:04:25]} 26.Bxh5 {[%clk 0:16:11]}
Bc5 {[%clk 0:04:44]} 27.Nd1 {[%clk 0:15:12]} Rd8 {[%clk 0:03:44]}
28.Be2 {[%clk 0:13:30]} Kf7 {[%clk 0:03:50]} 29.Kf1 {[%clk 0:07:50]}
Qf5+ {[%clk 0:03:04]} 30.Qxf5 {[%clk 0:08:12]} exf5 {[%clk 0:03:31]}
31.a4 {[%clk 0:08:04]} b4 {[%clk 0:03:35]} 32.Rc4 {[%clk 0:07:31]}
Ne4 {[%clk 0:03:49]} 33.Ke1 {[%clk 0:07:53]} Ke6 {[%clk 0:03:16]}
34.Bf3 {[%clk 0:08:05]} Bd5 {[%clk 0:03:29]} 35.Rc1 {[%clk 0:08:27]}
Bb6 {[%clk 0:03:33]} 36.g4 {[%clk 0:08:22]} fxg4 {[%clk 0:02:57]}
37.Bxg4+ {[%clk 0:08:48]} Ke5 {[%clk 0:03:24]} 38.Bf3 {[%clk 0:07:49]}
a5 {[%clk 0:01:38]} 39.Rc2 {[%clk 0:07:44]} Rg8 {[%clk 0:01:27]}
40.Ke2 {[%clk 0:35:16]} Rf8 {[%clk 0:31:25]} 41.Rc1 {[%clk 0:33:46]}
Ng3+ {[%clk 0:28:23]} 42.hxg3 {[%clk 0:32:40]} Bxf3+ {[%clk 0:28:47]}
43.Ke1 {[%clk 0:33:05]} Rd8 {[%clk 0:28:53]} 44.Nf2 {[%clk 0:32:45]}
Bxe3 {[%clk 0:29:11]} 45.Rc7 {[%clk 0:33:05]} Kd4 {[%clk 0:26:03]}
46.Ra7 {[%clk 0:31:26]} Rd5 {[%clk 0:23:38]} 47.Rf7 {[%clk 0:31:49]}
Bxf2+ {[%clk 0:23:59]} 48.Kxf2 {[%clk 0:32:13]} Bd1 {[%clk 0:24:27]}
49.Rg7 {[%clk 0:32:25]} Kc4 {[%clk 0:24:07]} 50.g4 {[%clk 0:32:48]}
Kb3 {[%clk 0:24:30]} 51.g5 {[%clk 0:33:12]} Kxb2 {[%clk 0:24:51]}
52.g6 {[%clk 0:33:37]} Bxa4 {[%clk 0:24:49]} 53.Ra7 {[%clk 0:33:59]}
Bb3 {[%clk 0:24:55]} 54.g7 {[%clk 0:34:23]} Rg5 {[%clk 0:25:21]} 0-1

[Event "Team men PL"]
[Site "Sochi"]
[Date "2020.11.23"]
[Round "5.6"]
[White "Shimanov, Aleksandr"]
[Black "Savitskiy, Sergey"]
[Result "1-0"]
[BlackElo "2451"]
[WhiteElo "2593"]
[LiveChessVersion "1.4.8"]

1.d4 {[%clk 1:30:04]} Nf6 {[%clk 1:30:52]} 2.g3 {[%clk 1:29:51]}
d5 {[%clk 1:29:39]} 3.Bg2 {[%clk 1:29:24]} Bf5 {[%clk 1:28:08]}
4.c4 {[%clk 1:24:50]} e6 {[%clk 1:27:59]} 5.Nf3 {[%clk 1:21:22]}
c6 {[%clk 1:26:16]} 6.O-O {[%clk 1:12:21]} Nbd7 {[%clk 1:22:33]}
7.cxd5 {[%clk 1:09:04]} exd5 {[%clk 1:16:32]} 8.Qb3 {[%clk 1:08:04]}
Qb6 {[%clk 1:10:27]} 9.Qe3+ {[%clk 1:07:49]} Be7 {[%clk 1:10:48]}
10.Nc3 {[%clk 1:06:00]} Qd8 {[%clk 1:09:29]} 11.Nh4 {[%clk 1:04:56]}
Be6 {[%clk 1:08:28]} 12.Qd3 {[%clk 1:04:43]} O-O {[%clk 1:06:43]}
13.Nf5 {[%clk 0:57:55]} Bb4 {[%clk 1:05:56]} 14.Bf4 {[%clk 0:54:37]}
Ne4 {[%clk 1:01:17]} 15.Bxe4 {[%clk 0:46:32]} dxe4 {[%clk 1:00:52]}
16.Qxe4 {[%clk 0:46:55]} Qa5 {[%clk 0:47:42]} 17.Nd6 {[%clk 0:37:25]}
Bxc3 {[%clk 0:36:13]} 18.bxc3 {[%clk 0:37:33]} Qxc3 {[%clk 0:36:32]}
19.Rfc1 {[%clk 0:32:36]} Qa5 {[%clk 0:27:33]} 20.Nxb7 {[%clk 0:31:15]}
Qh5 {[%clk 0:27:46]} 21.Nd6 {[%clk 0:29:34]} Bd5 {[%clk 0:25:41]}
22.Qd3 {[%clk 0:28:42]} f5 {[%clk 0:24:53]} 23.f3 {[%clk 0:25:34]}
Rf6 {[%clk 0:19:02]} 24.h4 {[%clk 0:24:11]} h6 {[%clk 0:15:52]}
25.Kg2 {[%clk 0:20:42]} Raf8 {[%clk 0:09:17]} 26.Nc4 {[%clk 0:18:06]}
Re6 {[%clk 0:08:50]} 27.Rab1 {[%clk 0:12:08]} Rfe8 {[%clk 0:06:55]}
28.Ne5 {[%clk 0:11:47]} Nxe5 {[%clk 0:06:05]} 29.Bxe5 {[%clk 0:11:13]}
f4 {[%clk 0:05:43]} 30.Rb7 {[%clk 0:10:35]} Rxe5 {[%clk 0:00:32]}
31.dxe5 {[%clk 0:11:00]} Rxe5 {[%clk 0:00:33]} 32.Rb8+ {[%clk 0:08:38]}
Kf7 {[%clk 0:00:54]} 33.Rc4 {[%clk 0:06:22]} Bxc4 {[%clk 0:00:33]}
34.Qxc4+ {[%clk 0:06:47]} Ke7 {[%clk 0:00:32]} 35.Rb7+ {[%clk 0:06:33]}
Kd6 {[%clk 0:00:33]} 36.Qd4+ {[%clk 0:06:23]} Rd5 {[%clk 0:00:34]}
37.Qxf4+ {[%clk 0:06:39]} Ke6 {[%clk 0:00:50]} 38.Rxg7 {[%clk 0:06:42]}
 1-0